000 00687nam a2200217 a 4500
999 _c6021
_d6021
001 6021
003 BD-JhCC
005 20180101091636.0
008 180101s1983 bg |||| || | 000 0 ben d
035 _a(BD-JhCC)6021
040 _aBD-JhCC
_dBD-JhCC
041 _aben
082 _a491.443
_bSON 1983
245 _aসোনার বাঙলা অভিধান /
_cআবদুর রহীম সংকলিত
260 _aঢাকা :
_bন্যাশনাল পাবলিশার্স,
_c1983.
300 _a1168 p. :
_c18 cm.
650 _aDictionary
_xBengali
700 _aরহীম, আবদুর সংকলিত
942 _2ddc
_cBK